Online
Catalog

Federico García Lorca, poeta popular : (Record no. 32740)

MARC details
000 -CABECERA
campo de control de longitud fija 00748nam a2200241 i 4500
001 - NÚMERO DE CONTROL
campo de control 000033249
003 - IDENTIFICADOR DEL NÚMERO DE CONTROL
campo de control DO-SdBNP
005 - FECHA Y HORA DE LA ÚLTIMA TRANSACCIÓN
campo de control 20231228123023.0
007 - CAMPO FIJO DE DESCRIPCIÓN FÍSICA--INFORMACIÓN GENERAL
campo de control de longitud fija ta
008 - DATOS DE LONGITUD FIJA--INFORMACIÓN GENERAL
campo de control de longitud fija 110823s1939 dr 000 0 spa d
040 ## - FUENTE DE LA CATALOGACIÓN
Centro catalogador/agencia de origen DO-SdBNP
Lengua de catalogación spa
Centro/agencia transcriptor BNPHU
Normas de descripción rda
082 #4 - NÚMERO DE LA CLASIFICACIÓN DECIMAL DEWEY
Número de documento/Ítem C762f
Número de edición 22
100 1# - ENTRADA PRINCIPAL--NOMBRE DE PERSONA
Nombre de persona Contín Aybar, Pedro René,
9 (RLIN) 23772
Término indicativo de función/relación autor
245 10 - MENCIÓN DE TÍTULO
Título Federico García Lorca, poeta popular :
Resto del título Conferencia /
Mención de responsabilidad, etc. Pedro René Contín Aybar.
264 #1 - PRODUCCIÓN, PUBLICACIÓN, DISTRIBUCIÓN, FABRICACIÓN Y COPYRIGHT
Producción, publicación, distribución, fabricación y copyright Ciudad Trujillo, República Dominicana :
Nombre del de productor, editor, distribuidor, fabricante La opinión,
Fecha de producción, publicación, distribución, fabricación o copyright 1939.
300 ## - DESCRIPCIÓN FÍSICA
Extensión 59 páginas ;
Dimensiones 18 cm.
336 ## - TIPO DE CONTENIDO
Fuente rdacontent
Término de tipo de contenido texto
Código de tipo de contenido txt
337 ## - TIPO DE MEDIO
Fuente rdamedia
Nombre/término del tipo de medio sin mediación
Código del tipo de medio n
338 ## - TIPO DE SOPORTE
Fuente rdacarrier
Nombre/término del tipo de soporte volumen
Código del tipo de soporte nc
590 ## - NOTA LOCAL (RLIN)
Nota local Inventariado, 2023/BT
910 ## - DATOS DE OPCIÓN DEL USUARIO (OCLC)
Datos de opción del usuario Btavárez
942 ## - ELEMENTOS DE PUNTO DE ACCESO ADICIONAL (KOHA)
Fuente del sistema de clasificación o colocación Dewey Decimal Classification
Tipo de ítem Koha Folleto
Holdings
Estado de retiro Estado de pérdida Fuente del sistema de clasificación o colocación Restricciones de uso No para préstamo Código de colección Localización permanente Ubicación/localización actual Ubicación en estantería Fecha de adquisición Fuente de adquisición Total de préstamos Signatura topográfica completa Código de barras Fecha visto por última vez Precio válido a partir de Tipo de ítem Koha Nota pública Número de copia
    Dewey Decimal Classification Excluido de préstamo   Patrimonio Dominicano Raros y Valiosos Biblioteca Nacional Pedro Henríquez Ureña Biblioteca Nacional Pedro Henríquez Ureña En catalogación 23.08.2011 Donación   BNPHU RV-PD C762f 33249-10 25.06.2020 25.06.2020 Folleto Perteneció a la biblioteca personal de Federico Henríquez y Carvajal  
    Dewey Decimal Classification Excluido de préstamo   Patrimonio Dominicano Raros y Valiosos Biblioteca Nacional Pedro Henríquez Ureña Biblioteca Nacional Pedro Henríquez Ureña En catalogación 11.10.2011     BNPHU RV-PD C762f 33249-20 25.06.2020 25.06.2020 Folleto Perteneció a la biblioteca personal de Julio Ortega Frier e. 2
    Dewey Decimal Classification Préstamo en sala   Dominicana Folletos Raros y Valiosos Biblioteca Nacional Pedro Henríquez Ureña Biblioteca Nacional Pedro Henríquez Ureña En catalogación 16.10.2023 Donación   BNPHU RV-DS C762f 2023-6948 16.10.2023 16.10.2023 Folleto Perteneció a la biblioteca personal de Bárbara Suncar. e.3
    Dewey Decimal Classification Préstamo en sala   Dominicana Folletos Raros y Valiosos Biblioteca Nacional Pedro Henríquez Ureña Biblioteca Nacional Pedro Henríquez Ureña En catalogación 01.12.2014 Barbara Suncar   BNPHU RV-DS C762f 2023-8455 28.12.2023 16.10.2023 Folleto Perteneció a la biblioteca personal de Bárbara Suncar. e. 4

Powered by Koha